000 00720nam a2200229Ia 4500
003 OSt
005 20221006142839.0
006 a|||||r|||| 00| 0
007 ta
008 221006b |||||||| |||| 00| 0 eng d
024 _a7,345
037 _bGift, Japan Foundation
_cTextual
040 _aEASL
_cEASL
_beng
041 _2eng
_aeng
082 _aV42y7L25, N5
100 _aWAKABAYASHI Bob Tadashi
_9648540
245 0 _aJapanese loyalism reconstrued
_b Yamgata Daini's Ryushi shinron of 1759
260 _aHonolulu
_bUniversity of Hawaii Press
_c1995
300 _a234p.
_ccm.
942 _hV42y7L25, N5
_cTEXL
_2CC
999 _c1075431
_d1075431